000 00197 a2200097 4500
001 11784
100 _aCrozier, B.
245 _aThe Rebels
260 _a
_bChatto & windus
_c
090 _c9040
_d9040
942 _aNUST-CAE
_cM
_c35868
999 _c246857
_d246857